| 000 | 01001nam a2200217Ia 4500 | ||
|---|---|---|---|
| 003 | OSt | ||
| 005 | 20241007161407.0 | ||
| 007 | ca aa aaaaa | ||
| 008 | 201103s9999 xx 000 0 und d | ||
| 040 | _cost | ||
| 041 | _abur | ||
| 082 |
_223 _a၂၉၄.၃၃၆၈ ဒု _b၉၃၇၀ S-SAT |
||
| 100 | 0 |
_aဒုတိယမဲထီးဆရာတော် _917433 |
|
| 245 | 0 |
_aမာလာလင်္ကာရဝတ္ထုတော်ကြီး၊ ပဌမအုပ်(ပဌမတွဲ ၊ ဒုတိယတွဲ၊ တတိယတွဲ) / _cဒုတိယမဲထီးဆရာတော်။ |
|
| 260 |
_aမန္တလေး ၊ _bတက်နေလင်းပုံနှိပ်တိုက်၊ _c၁၉၆၂။ |
||
| 300 |
_aည၊ ၂၅၀ စာမျက်နှာ ၊ _c၂၁ စင်တီ။ |
||
| 500 | _aS-SAT: Dr. Sai Aung Tun | ||
| 650 | _aဗုဒ္ဓဝင် | ||
| 650 |
_aဗုဒ္ဓ _xဝတ္ထုတေ် _954928 |
||
| 942 |
_2ddc _cBK1 |
||
| 999 |
_c16875 _d16875 |
||